Online katalóg knižníc regiónu Turca

Plač huslí (Record no. 22658)

MARC details
000 -LEADER
fixed length control field 00768cam a2200289 a 4500
001 - CONTROL NUMBER
control field 22658
003 - CONTROL NUMBER IDENTIFIER
control field SK-KTurca
005 - DATE AND TIME OF LATEST TRANSACTION
control field 20260415134743.0
008 - FIXED-LENGTH DATA ELEMENTS--GENERAL INFORMATION
fixed length control field 160314s1994 xo 0000f slo
015 ## - NATIONAL BIBLIOGRAPHY NUMBER
National bibliography number SNBA1994/09
020 ## - INTERNATIONAL STANDARD BOOK NUMBER
International Standard Book Number 809004848X
035 ## - SYSTEM CONTROL NUMBER
System control number SNK000018949
040 ## - CATALOGING SOURCE
Original cataloging agency SNK
Language of cataloging slo
Transcribing agency SNK
Description conventions AACR2
041 0# - LANGUAGE CODE
Language code of text/sound track or separate title slo
044 ## - COUNTRY OF PUBLISHING/PRODUCING ENTITY CODE
MARC country code xo
ISO country code SK
080 ## - UNIVERSAL DECIMAL CLASSIFICATION NUMBER
Universal Decimal Classification number 885.4-3
Edition identifier 1. stred. slo
100 1# - MAIN ENTRY--PERSONAL NAME
Personal name Rosa, L. O.,
Dates associated with a name 1931-
Relationship aut
245 10 - TITLE STATEMENT
Title Plač huslí
Statement of responsibility, etc. L.O. Rosa
250 ## - EDITION STATEMENT
Edition statement 1. vyd.
260 ## - PUBLICATION, DISTRIBUTION, ETC.
Place of publication, distribution, etc. Bratislava
Name of publisher, distributor, etc. Sprint
Date of publication, distribution, etc. 1994
300 ## - PHYSICAL DESCRIPTION
Extent 101 s.
Dimensions 21 cm
655 #7 - INDEX TERM--GENRE/FORM
Genre/form data or focus term slovenské romány
Source of term SNKPH
655 #7 - INDEX TERM--GENRE/FORM
Genre/form data or focus term vojnové romány
Source of term SNKPH
700 1# - ADDED ENTRY--PERSONAL NAME
Personal name Ondriska, Ján,
Dates associated with a name 1943-
Relationship ill
942 ## - ADDED ENTRY ELEMENTS (KOHA)
Source of classification or shelving scheme Dewey Decimal Classification
Koha item type Krásna literatúra pre dospelých
Suppress in OPAC No
Holdings
Stav vyradenia Strata Poškodenie Spôsob nadobudnutia Domovská knižnica Aktuálna knižnica Dátum nadobudnutia Total checkouts Čiarový kód exemplára Date last seen Typ exemplára
      Dar Obecná knižnica Horná Štubňa Obecná knižnica Horná Štubňa 15.04.2026   4736202135 15.04.2026 Krásna literatúra pre dospelých
Projekt je podporený Slovenskou asociáciou knižníc
Prevádzkuje Turčianska knižnica Martin 2026